000
00216nam a2200097Ia 4500
005
20251222114408.0
008
251222s1900||||xx |||||||||||||| ||spa||
082
_a
DVD0070/P26/2007
245
0
_a
Persepolis:
942
_c
DVD
999
_c
1918
_d
1918